Le roi saud ou l'Orient à l'heure des releves

Guardat en:
Dades bibliogràfiques
Autor principal: Mechin, Benoist
Format: Llibre
Idioma:Undetermined
Publicat: Paris Editions Albin Michel 1960
Matèries:
Etiquetes: Afegir etiqueta
Sense etiquetes, Sigues el primer a etiquetar aquest registre!
Thư viện lưu trữ: Trung tâm Học liệu Trường Đại học Cần Thơ
LEADER 00508nam a2200181Ia 4500
001 CTU_89740
008 210402s9999 xx 000 0 und d
082 |a 943 
082 |b M486 
100 |a Mechin, Benoist 
245 0 |a Le roi saud ou l'Orient à l'heure des releves 
245 0 |c Benoist Mechin 
260 |a Paris 
260 |b Editions Albin Michel 
260 |c 1960 
650 |a Saud, king of Saudi Arabia, 1902- 
904 |i Mai Loan 
980 |a Trung tâm Học liệu Trường Đại học Cần Thơ